header

Spins in optically active quantum dots (Record no. 45822)

MARC details
000 -LEADER
fixed length control field 01267nam a2200325Ia 4500
100 1# - MAIN ENTRY--AUTHOR NAME
Personal name Gywat, Oliver.
245 10 - TITLE STATEMENT
Title Spins in optically active quantum dots
260 ## - PUBLICATION, DISTRIBUTION, ETC. (IMPRINT)
Place of publication Weinheim :
Name of publisher Wiley-VCH,
Year of publication c2010.
300 ## - PHYSICAL DESCRIPTION
Number of Pages x, 209 p.
650 #0 - SUBJECT ADDED ENTRY--TOPICAL TERM
Topical Term Quantum dots
Topical Term Nuclear spin.
Topical Term Quantum dots.
700 1# - ADDED ENTRY--PERSONAL NAME
Personal name Berezovsky, Jesse.
Personal name Krenner, Hubert J.
856 40 - ELECTRONIC LOCATION AND ACCESS
Uniform Resource Identifier http://site.ebrary.com/lib/rucke/Doc?id=10351176

No items available.

© 2026 Rongo University
Contact us: librarian | system librarian | Rongo university